000 00319nam a22001337a 4500
005 20230818113607.0
008 230818b |||||||| |||| 00| 0 eng d
040 _aLoreto college
041 _aEnglish
082 _a327
_bYAD
245 _aChina Russia India relations in 21st century
850 _aLCLIB
942 _cBK
999 _c43520
_d93999